000 00329 a2200157 4500
001 16828
020 _a9788575750094
040 _cAnchieta - Bela Vista
240 1 0 _aOs incríveis
_lpor
245 1 0 _aOs incríveis
300 _a16
362 0 _a2004
440 1 _aGoal
650 4 _aLiteratura infanto-juvenil
942 _cBK
999 _c16828
_d16828